000 01266cad a22002415a 4500
001 L150366
008 100705s2010 xxk f 000 0 eng d
020 _a9781842196038
035 _a(Sirsi) u150366
041 0 _aeng
050 0 4 _a333.72 $2 18
100 1 _aRydin, Yvonne
245 4 4 _aThe 2009 RICS Global Carbon Capacity Index
_h[electronic resource]
260 _aLondon
_bRICS
_c2010
505 2 _aExecutive summary -- Introduction the Carbon Challenge -- Energy consumption and carbon emissions -- RICS global zero carbon capacity or ZC2 Index -- Background on energy consumption and renewable energy use in ZC2 Index countries -- 2009 and 2008 ZC2 index results -- Overall ZC2 index scores -- Individual country analysis
520 _a2009 RICS Global Carbon Capacity Index aimed at tracking progress of countries towards a zero carbon built environment identifies Norway as the country making the most progress.
590 _aKA
650 2 4 _aRICS GLOBAL CARBON CAPACITY INDEX
651 4 _aInternational
690 _aENVIRONMENTAL AND LAND CONSULTANCY-ENERGY-ENERGY USE-ENERGY EFFICIENCY
856 4 8 _uhttps://www.rics.org/site/download_feed.aspx?fileID=6883&fileExtension=PDF
_z View this item free of charge at www.rics.org
942 _n0
999 _c110846
_d110846